Venture capital as financial source of SME in Slovakia
Rizikový kapital - venture kapitál, pojmy. Analýza rizikového kapitálu v podmienkach SR. Komparácia trhu rizikového kapitálu vo vybraných krajinách. Analýza výsledkov dotazníkového výskumu.
Gespeichert in:
| 1. Verfasser: | |
|---|---|
| Format: | Buchkapitel |
| Sprache: | Englisch |
| Schlagworte: | |
| Tags: |
Keine Tags, Fügen Sie das erste Tag hinzu!
|
MARC
| LEADER | 00000nla$a2200000$$$4500 | ||
|---|---|---|---|
| 001 | 0148732 | ||
| 005 | 20240502072656.7 | ||
| 041 | 0 | |a eng | |
| 044 | |a SK | ||
| 245 | 1 | 0 | |a Venture capital as financial source of SME in Slovakia |c Anna Moščáková |
| 500 | |a Abstrakt. | ||
| 520 | |a Rizikový kapital - venture kapitál, pojmy. Analýza rizikového kapitálu v podmienkach SR. Komparácia trhu rizikového kapitálu vo vybraných krajinách. Analýza výsledkov dotazníkového výskumu. | ||
| 610 | 2 | 0 | |a podnik malý |
| 610 | 2 | 0 | |a podnik stredný |
| 610 | 2 | 0 | |a financovanie podnikov |
| 610 | 2 | 0 | |a kapitál rizikový |
| 610 | 2 | 0 | |a Slovensko |
| 100 | 1 | |a Moščáková, Anna, 1987- | |